Effects of Changes in Steel Industry Concentration

Zmeny v koncentrácii oceliarskeho priemyslu a ich vplyv na svetový obchod s výrobkami z ocele. Ceny vstupných materiálov a hotových výrobkov. Na základe analýzy uskutočnenej v rokoch 1990-2012 vyplýva, že zvýšená koncentrácia v globálnom oceliarskom odvetví neviedla k intenzívnejšiemu svetovému obch...

Ausführliche Beschreibung

Gespeichert in:
Bibliographische Detailangaben
1. Verfasser: Bobenič, Tibor
Weitere Verfasser: Bobenič Hintošová, Aneta, 1979-, Hliboká, Lucia, Vasková, Iveta
Format: Buchkapitel
Sprache:Englisch
Schlagworte:
Tags: Tag hinzufügen
Keine Tags, Fügen Sie das erste Tag hinzu!

MARC

LEADER 00000naa a2200000 4500
001 0200148
005 20240502083508.8
041 0 |a eng 
044 |a HR 
245 1 0 |a Effects of Changes in Steel Industry Concentration  |c Tibor Bobenič, Aneta Bobenič Hintošová, Lucia Hliboká, Iveta Vasková 
520 |a Zmeny v koncentrácii oceliarskeho priemyslu a ich vplyv na svetový obchod s výrobkami z ocele. Ceny vstupných materiálov a hotových výrobkov. Na základe analýzy uskutočnenej v rokoch 1990-2012 vyplýva, že zvýšená koncentrácia v globálnom oceliarskom odvetví neviedla k intenzívnejšiemu svetovému obchodu s výrobkami z ocele, avšak je spojená s rastom hotových výrobkov, ako aj cien vstupného materiálu. 
610 2 0 |a priemysel 
610 2 0 |a oceliarstvo 
610 2 0 |a fúzie 
610 2 0 |a akvizícia 
610 2 0 |a výrobky 
610 2 0 |a koncentrácia 
610 2 0 |a obchod svetový 
100 1 |a Bobenič, Tibor 
700 1 |a Bobenič Hintošová, Aneta, 1979- 
700 1 |a Hliboká, Lucia 
700 1 |a Vasková, Iveta